Online
Catalog

Historia de la Concepción de La Vega / (Record no. 21544)

MARC details
000 -CABECERA
campo de control de longitud fija 00943nam a2200265 a 4500
001 - NÚMERO DE CONTROL
campo de control 000022046
003 - IDENTIFICADOR DEL NÚMERO DE CONTROL
campo de control DO-SdBNP
005 - FECHA Y HORA DE LA ÚLTIMA TRANSACCIÓN
campo de control 20250624114751.0
008 - DATOS DE LONGITUD FIJA--INFORMACIÓN GENERAL
campo de control de longitud fija 100916s1938 dr 000 0 spa d
040 ## - FUENTE DE LA CATALOGACIÓN
Centro catalogador/agencia de origen DO-SdBNP
Lengua de catalogación spa
Centro/agencia transcriptor BNPHU
049 ## - FONDOS LOCALES (OCLC)
Fondos de biblioteca BNPD
082 ## - NÚMERO DE LA CLASIFICACIÓN DECIMAL DEWEY
Número de clasificación 972.93697
Número de documento/Ítem D473h
100 1# - ENTRADA PRINCIPAL--NOMBRE DE PERSONA
Nombre de persona Despradel Batista, Guido,
Fechas asociadas al nombre 1909-
9 (RLIN) 40548
245 10 - MENCIÓN DE TÍTULO
Título Historia de la Concepción de La Vega /
Mención de responsabilidad, etc. Guido Despradel Batista.
260 ## - PUBLICACIÓN, DISTRIBUCIÓN, ETC.
Lugar de publicación, distribución, etc. La Vega, República Dominicana :
Nombre del editor, distribuidor, etc. La Palabra,
Fecha de publicación, distribución, etc. 1938.
300 ## - DESCRIPCIÓN FÍSICA
Extensión 401 p. ;
Dimensiones 24 cm.
500 ## - NOTA GENERAL
Nota general Incluye índice de nombres
500 ## - NOTA GENERAL
Nota general Incluye notas al pie de las páginas
504 ## - NOTA DE BIBLIOGRAFÍA, ETC.
Nota de bibliografía, etc. Bibliografía : 398-399
650 #4 - PUNTO DE ACCESO ADICIONAL DE MATERIA--TÉRMINO DE MATERIA
Término de materia o nombre geográfico como elemento de entrada Ciudades y pueblos
Subdivisión geográfica República Dominicana
9 (RLIN) 784
651 #0 - PUNTO DE ACCESO ADICIONAL DE MATERIA--NOMBRE GEOGRÁFICO
Nombre geográfico Concepción de la Vega (Republica Dominicana )
9 (RLIN) 2180
651 #4 - PUNTO DE ACCESO ADICIONAL DE MATERIA--NOMBRE GEOGRÁFICO
Nombre geográfico La Vega (República Dominicana{Rpara}
Subdivisión general Vida Social Y Costumbres
9 (RLIN) 8244
910 ## - DATOS DE OPCIÓN DEL USUARIO (OCLC)
Datos de opción del usuario Validado. Control de calidad BNPHU
942 ## - ELEMENTOS DE PUNTO DE ACCESO ADICIONAL (KOHA)
Fuente del sistema de clasificación o colocación Dewey Decimal Classification
Tipo de ítem Koha Libro
Holdings
Estado de retiro Estado de pérdida Fuente del sistema de clasificación o colocación No para préstamo Código de colección Localización permanente Ubicación/localización actual Ubicación en estantería Fecha de adquisición Número de inventario Total de préstamos Signatura topográfica completa Código de barras Fecha visto por última vez Número de copia Precio válido a partir de Tipo de ítem Koha Nota pública Restricciones de uso
  Extraviado Dewey Decimal Classification   Raros y valiosos General General Depósito 17.08.2011 LF1   972.93697 D473h 22046-30 25.06.2020 e. 3 25.06.2020 Préstamo en sala    
    Dewey Decimal Classification Excluido de préstamo Raros y valiosos Patrimonio Dominicano Patrimonio Dominicano Depósito 16.09.2010 LF1   BNPHU PD-RV 972.93697 D473h 22046-10 25.06.2020   25.06.2020 No se presta Perteneció a la biblioteca personal de Martínez Boog.  
      Excluido de préstamo Raros y valiosos Patrimonio Dominicano Patrimonio Dominicano Depósito 04.04.2011 LF1   972.93697 D473h 22046-20 25.06.2020 e. 2 25.06.2020 No se presta    

Powered by Koha